<?xml version="1.0" encoding="UTF-8"?><?xml-stylesheet type="text/xsl" href="static/style.xsl"?><OAI-PMH xmlns="http://www.openarchives.org/OAI/2.0/" xmlns:xsi="http://www.w3.org/2001/XMLSchema-instance" xsi:schemaLocation="http://www.openarchives.org/OAI/2.0/ http://www.openarchives.org/OAI/2.0/OAI-PMH.xsd"><responseDate>2026-06-02T11:14:47Z</responseDate><request verb="GetRecord" identifier="oai:riuma.uma.es:10630/23266" metadataPrefix="marc">https://riuma.uma.es/rest/oai/request</request><GetRecord><record><header><identifier>oai:riuma.uma.es:10630/23266</identifier><datestamp>2026-02-03T12:19:47Z</datestamp><setSpec>com_10630_2254</setSpec><setSpec>col_10630_37959</setSpec></header><metadata><record xmlns="http://www.loc.gov/MARC21/slim" xmlns:dcterms="http://purl.org/dc/terms/" xmlns:doc="http://www.lyncode.com/xoai" xmlns:xsi="http://www.w3.org/2001/XMLSchema-instance" xsi:schemaLocation="http://www.loc.gov/MARC21/slim http://www.loc.gov/standards/marcxml/schema/MARC21slim.xsd">
   <leader>00925njm 22002777a 4500</leader>
   <datafield ind2=" " ind1=" " tag="042">
      <subfield code="a">dc</subfield>
   </datafield>
   <datafield ind2=" " ind1=" " tag="720">
      <subfield code="a">Ríos-Moyano, Sonia</subfield>
      <subfield code="e">author</subfield>
   </datafield>
   <datafield ind2=" " ind1=" " tag="260">
      <subfield code="c">2021</subfield>
   </datafield>
   <datafield ind2=" " ind1=" " tag="520">
      <subfield code="a">La innovación educativa es una realidad muy asumida y llevada a la práctica por los docentes del título de graduado/a en Historia del Arte de la Universidad de Málaga desde hace casi dos décadas. Son numerosos los proyectos de innovación educativa que han permitido integrar año a año metodologías innovadoras, creativas y participativas que han buscado siempre la calidad de la práctica docente y la motivación del alumnado. Desde la implantación del título en el curso 2009/2010 el tipo de alumnos, su formación previa, sus necesidades educativas, los requerimientos del mercado laboral, e incluso, las salidas profesionales, distan en algunos casos bastante de la formación requerida a un historiador del arte de finales del siglo pasado. La innovación educativa nos ha permitido ir integrando esas demandas e intereses de la sociedad en el aula. En este sentido, la renovación de las actividades y prácticas docentes se hace más que necesaria porque ellas llevan hacia una adquisición de competencias y habilidades blandas (soft skills), las cuales les van a permitir trabajar en el aula aquellas destrezas que serán mejor valoradas por los empleadores cuando realicen las prácticas o cuándo acaben su formación superior.</subfield>
   </datafield>
   <datafield ind1="8" ind2=" " tag="024">
      <subfield code="a">https://hdl.handle.net/10630/23266</subfield>
   </datafield>
   <datafield tag="653" ind2=" " ind1=" ">
      <subfield code="a">Enseñanza -- Innovaciones</subfield>
   </datafield>
   <datafield tag="653" ind2=" " ind1=" ">
      <subfield code="a">Arte -- Estudiio y enseñanza</subfield>
   </datafield>
   <datafield ind2="0" ind1="0" tag="245">
      <subfield code="a">Adquisición de soft skills con estudiantes de historia del arte. Explicación de un caso práctico</subfield>
   </datafield>
</record>
</metadata></record></GetRecord></OAI-PMH>